000 00297nam a22001337a 4500
008 170926b xxu||||| |||| 00| 0 eng d
020 _a9781559343497
041 _aeng
080 _a37
100 _a46
101 _aEDU
245 _aPRACTICAL ENGLISH GRAMMAR
_cEMBRE.J.A
942 _2udc
_cBK
999 _c30090
_d30090